| Tag |
First Indicator |
Second Indicator |
Subfields |
| LEADER |
00000cam a22000008a 4500 |
| 001 |
in00000870021 |
| 005 |
20151019135939.0 |
| 008 |
890801s1989 paua b 10100 eng |
| 010 |
|
|
|a 89038726
|
| 020 |
|
|
|a 0803112602
|
| 035 |
|
|
|a (OCoLC)20261810
|
| 035 |
|
|
|9 AEK3224AM
|
| 040 |
|
|
|a DLC
|c DLC
|d TXA
|d UtOrBLW
|
| 049 |
|
|
|a TXAM
|c [A12700956]
|
| 050 |
0 |
0 |
|a TE250
|b .N57 1989
|
| 082 |
0 |
|
|a 625.8
|2 20
|
| 245 |
0 |
0 |
|a Nondestructive testing of pavements and backcalculation of moduli /
|c Albert J. Bush III and Gilbert Y. Baladi, editors.
|
| 263 |
|
|
|a 8911
|
| 264 |
|
1 |
|a Philadelphia, PA :
|b ASTM,
|c [1989]
|
| 264 |
|
4 |
|c ©1989
|
| 300 |
|
|
|a 702 pages :
|b illustrations
|
| 336 |
|
|
|a text
|b txt
|2 rdacontent
|
| 337 |
|
|
|a unmediated
|b n
|2 rdamedia
|
| 338 |
|
|
|a volume
|b nc
|2 rdacarrier
|
| 490 |
1 |
|
|a STP ;
|v 1026
|
| 500 |
|
|
|a "Papers presented at the First International Symposium on Nondestructive Testing of Pavements and Backcalculation of Moduli, which was held in Baltimore, Maryland, 29-30 June 1988 ... [and] sponsored by ASTM Committees D-4 on Road and Paving Materials and D-18 on Soil and Rock"--Fwd.
|
| 500 |
|
|
|a "ASTM publication code number (PCN) 04-010260-08"--Title page verso.
|
| 504 |
|
|
|a Includes bibliographical references.
|
| 650 |
|
0 |
|a Pavements
|x Testing
|x Congresses.
|
| 650 |
|
0 |
|a Nondestructive testing
|v Congresses.
|
| 700 |
1 |
|
|a Bush, A. J.
|q (Albert Jasper)
|
| 700 |
1 |
|
|a Baladi, Gilbert Y.,
|d 1943-
|
| 711 |
2 |
|
|a International Symposium on Nondestructive Testing of Pavements and Backcalculation of Moduli.
|
| 710 |
2 |
|
|a ASTM Committee D-4 on Road and Paving Materials.
|
| 710 |
2 |
|
|a ASTM Committee D-18 on Soil and Rock.
|
| 830 |
|
0 |
|a ASTM special technical publication ;
|v 1026.
|
| 999 |
|
|
|a MARS
|
| 999 |
f |
f |
|s db4ab85f-bf07-368e-9068-83fbefee2ae0
|i fb32a3fb-7e19-3b39-8795-aedb2236313a
|t 0
|
| 952 |
f |
f |
|p normal
|a Texas A&M University
|b College Station
|c Sterling C. Evans Library
|d Evans: Library Stacks
|t 0
|e TE250 .N57 1989
|h Library of Congress classification
|i unmediated -- volume
|m A14812700956
|
| 998 |
f |
f |
|a TE250 .N57 1989
|t 0
|l Evans: Library Stacks
|